MARC

LEADER 00000nam0a2200000 4500
001 52854
005 20231101211405.0
035 |a (RuTPU)RU\TPU\book\55404 
035 |a RU\TPU\book\37301 
090 |a 52854 
100 |a 20030606d1969 m y0rusy50 ca 
101 0 |a rus 
102 |a RU 
105 |a a j 001yy 
200 1 |a Краткий курс математического анализа  |e учебник  |f А. Ф. Бермант, И. Г. Араманович 
205 |a 6-е изд., стер. 
210 |a Москва  |c Наука  |d 1969 
215 |a 736 с. 
320 |a Библиогр.: с. 736. 
451 1 |0 (RuTPU)RU\TPU\book\55370  |t Краткий курс математического анализа  |o учебник  |f А. Ф. Бермант, И. Г. Араманович  |e 5-е изд., стер.  |c Москва  |n Наука  |d 1967  |p 736 с.  |a Бермант, Анисим Федорович 
451 1 |0 (RuTPU)RU\TPU\book\55415  |t Краткий курс математического анализа  |o учебник  |f А. Ф. Бермант, И. Г. Араманович  |e 7-е изд., стер.  |c Москва  |n Наука  |d 1971  |p 736 с.  |a Бермант, Анисим Федорович 
606 |a Математический анализ  |2 stltpush  |3 (RuTPU)RU\TPU\subj\41236  |9 61042 
610 1 |a математика 
610 1 |a пределы 
610 1 |a дифференциальные исчисления 
610 1 |a интегралы 
610 1 |a интегральные исчисления 
610 1 |a дифференциальные уравнения 
610 1 |a ряды 
610 1 |a учебники 
675 |a 517(075.8)  |v 3 
700 1 |a Бермант  |b А. Ф.  |g Анисим Федорович 
701 1 |a Араманович  |b И. Г.  |g Исаак Генрихович 
801 0 |a RU  |b 63413507  |c 20011210  |g PSBO 
801 2 |a RU  |b 63413507  |c 20171228  |g PSBO 
900 |a Математический анализ 
942 |c BK